000 00343nam a22001217a 4500
008 210224b ||||| |||| 00| 0 eng d
082 _a610.73 MID
245 _aMidwifery Clinical Practice Portfolio
260 _aThimphu :
_bFaculty of Nursing and Public Health,
_c2014.
300 _a89 p.
_c30 cm.
650 _aClinical Practice
942 _2ddc
999 _c8609
_d8610